000
00295nam a2200121Ia 4500
008
180117s9999 xx 000 0 und d
100
_a
by AA Patawaran
245
_a
WHWN
260
_c
2017
300
_a
22-23 pages, 2017 June 18
440
_a
Philippine Panorama
650
_a
NO READ NO WRITE
999
_c
353625
_d
353625